|
|
|
|
| LEADER |
01192nam a2200313 4500 |
| 001 |
000015638 |
| 003 |
12021 |
| 005 |
20120904090914.0 |
| 008 |
120531s2006 viesd |
| 020 |
|
|
|c 16200
|
| 041 |
0 |
|
|a vie
|
| 082 |
|
|
|a 495.9225
|b DI-B
|
| 100 |
0 |
|
|a Diệp Quang Ban
|
| 245 |
1 |
0 |
|a Ngữ pháp tiếng Việt
|b Đã được hội đồng thẩm định sách của Bộ giáo dục và Đào tạo giới thiệu làm sách dùng chung cho các trường Đại học sư phạm
|c Diệp Quang Ban
|n Tập 2
|
| 250 |
|
|
|a In lần thứ 2
|
| 260 |
|
|
|a H.
|b Giáo dục
|c 2006
|
| 300 |
|
|
|a 260 tr.
|c 21 cm.
|
| 500 |
|
|
|a ĐTTS ghi: Sách đại học Sư phạm
|
| 773 |
|
|
|t Ngữ pháp tiếng Việt
|w 12017
|
| OWN |
|
|
|a LSP
|
| AVA |
|
|
|a UDN50
|b LSP
|d 495.9225 DI-B
|e check_holdings
|t Error 5003 Not defined in file expand_doc_bib_avail.
|h N
|k 1
|
| 999 |
|
|
|a From the UDN01
|
| AVA |
|
|
|a UDN50
|b LSP
|d 495.9225 DI-B
|e available
|t Error 5001 Not defined in file expand_doc_bib_avail.
|f 71
|g 0
|h N
|i 28
|k 1
|
| TYP |
|
|
|a Monograph
|
| TYP |
|
|
|a Printed language
|
| 980 |
|
|
|a Mạng thư viện Đại học Đà Nẵng
|